[Event "CYCC U14 "]
[Site "Hamilton CAN"]
[Date "2022.07.11"]
[Round "7.18"]
[White "Pollitt, Henry"]
[Black "Suresh, Pavan"]
[Result "1-0"]
[WhiteElo "1114"]
[BlackElo "1413"]
[PlyCount "131"]
[EventDate "2022.07.08"]
[EventType "swiss"]
[EventRounds "7"]
[EventCountry "CAN"]

1. e4 e5 2. Nf3 Nc6 3. d4 exd4 4. Bc4 Bc5 5. Ng5 Nh6 6. Nxf7 Nxf7 7. Bxf7+ Kxf7
8. Qh5+ g6 9. Qxc5 d6 10. Qg5 Qxg5 11. Bxg5 Nb4 12. Na3 Re8 13. f3 Bd7 14. O-O
Kg7 15. Bd2 Na6 16. c3 dxc3 17. Bxc3+ Kg8 18. Rac1 b5 19. Nc2 c5 20. Rfd1 Re6
21. Be1 Bc6 22. Bg3 Rd8 23. Ne3 Bb7 24. Rd2 Nb4 25. Rcd1 Nxa2 26. Ra1 Nb4 27.
Rxa7 Bc6 28. Nc2 Nxc2 29. Rxc2 g5 30. Ra6 Ba8 31. Rb6 b4 32. Rd2 b3 33. Rd3 c4
34. Rc3 Bxe4 35. fxe4 Rxe4 36. Rxd6 Rf8 37. Rd2 h5 38. Rf3 Ra8 39. Kf2 g4 40.
Re3 Rxe3 41. Kxe3 c3 42. Rd1 Re8+ 43. Kd3 c2 44. Rc1 Rd8+ 45. Kc3 Rd1 46. Bf4
Rd8 47. Kxb3 Rf8 48. Bg3 Kg7 49. Kxc2 Kg6 50. h3 gxh3 51. gxh3 Rf3 52. Rg1 Kf5
53. b4 Ke6 54. h4 Kd5 55. Be1 Kc4 56. Rg5 Ra3 57. Kb2 Rb3+ 58. Kc2 Ra3 59. Rxh5
Ra2+ 60. Kd1 Kd3 61. Rd5+ Ke4 62. Rd2 Ra4 63. Rb2 Kd3 64. Rb1 Ra2 65. b5 Re2
66. Rb3+ 1-0

[Event "CYCC U14 "]
[Site "Hamilton CAN"]
[Date "2022.07.11"]
[Round "7.20"]
[White "Kheni, Kush"]
[Black "Zhang, James"]
[Result "0-1"]
[WhiteElo "907"]
[BlackElo "1362"]
[PlyCount "108"]
[EventDate "2022.07.08"]
[EventType "swiss"]
[EventRounds "7"]
[EventCountry "CAN"]

1. d4 d5 2. Nf3 Nf6 3. c4 c6 4. Nc3 e6 5. e3 a6 6. Qc2 Bd6 7. Bd3 dxc4 8. Bxc4
O-O 9. O-O Nbd7 10. Re1 Re8 11. Bd3 e5 12. a3 exd4 13. Nxd4 Nc5 14. Bd2 Nxd3
15. Qxd3 Qc7 16. Nf3 Bg4 17. Kh1 Rad8 18. Qc2 Bh5 19. Ne2 Ng4 20. Ng3 Nxf2+ 21.
Kg1 Bxg3 22. hxg3 Qxg3 23. Ba5 Bxf3 24. Qxf2 Qxf2+ 25. Kxf2 Rd5 26. gxf3 Rxa5
27. Re2 Rd5 28. e4 Rd7 29. Rc1 f6 30. Rc5 Red8 31. Rcc2 Kf7 32. Ke1 Rd3 33. Kf2
Ke6 34. Re3 Rd2+ 35. Re2 Rxc2 36. Rxc2 g5 37. Kg3 h5 38. Rh2 h4+ 39. Kg4 Ke5
40. b4 Rd1 41. Rf2 Rg1+ 42. Kh3 Rg3+ 43. Kh2 Kf4 44. b5 cxb5 45. a4 Rxf3 46.
Rxf3+ Kxf3 47. axb5 axb5 48. e5 fxe5 49. Kh3 b4 50. Kh2 b3 51. Kg1 b2 52. Kh1
b1=Q+ 53. Kh2 Qc2+ 54. Kh1 Qg2# 0-1

[Event "CYCC U14 "]
[Site "Hamilton CAN"]
[Date "2022.07.11"]
[Round "7.22"]
[White "Leveille, Zachary"]
[Black "Broekema, Lincoln"]
[Result "0-1"]
[WhiteElo "691"]
[BlackElo "1151"]
[PlyCount "128"]
[EventDate "2022.07.08"]
[EventType "swiss"]
[EventRounds "7"]
[EventCountry "CAN"]

1. e4 c5 2. Nf3 d6 3. d4 cxd4 4. Nxd4 Nf6 5. Nc3 a6 6. Be2 e5 7. Nf3 Be7 8. O-O
O-O 9. h3 Be6 10. Be3 Nbd7 11. Qd2 b5 12. a3 Rc8 13. Bd3 Nc5 14. Bxc5 Rxc5 15.
Rad1 Re8 16. Rfe1 Qc7 17. Ne2 Bc4 18. Bxc4 Rxc4 19. Nc3 Rc5 20. Re2 Rc8 21. Ne1
Rc4 22. Nd5 Nxd5 23. Qxd5 Qc6 24. Qxc6 R8xc6 25. b3 Rc3 26. Rd3 f6 27. Rxc3
Rxc3 28. Rd2 Kf7 29. Rd3 Rc5 30. Kf1 Ke6 31. b4 Rc4 32. f3 Bd8 33. c3 a5 34.
Nc2 a4 35. Ne3 Rc6 36. Nd5 Bb6 37. Ke2 g6 38. Nxb6 Rxb6 39. Kd2 Rb7 40. Ke3 f5
41. Rd2 Rc7 42. Rc2 d5 43. Kd3 dxe4+ 44. fxe4 Rc4 45. Re2 fxe4+ 46. Rxe4 Rxe4
47. Kxe4 h5 48. h4 Kd6 49. Kd3 Kd5 50. g3 e4+ 51. Ke3 Kc4 52. Kxe4 Kb3 53. Kd4
Kxa3 54. c4 Kxb4 55. c5 a3 56. c6 a2 57. Kd5 a1=Q 58. Kd6 Qd4+ 59. Kc7 Kc5 60.
Kb7 Qg7+ 61. c7 Kd6 62. g4 Qxc7+ 63. Ka8 Kc6 64. g5 Qb7# 0-1

[Event "CYCC U14 "]
[Site "Hamilton CAN"]
[Date "2022.07.11"]
[Round "7.23"]
[White "Levanon, Peled"]
[Black "Zeng, Gordon"]
[Result "1-0"]
[WhiteElo "1028"]
[BlackElo "929"]
[PlyCount "87"]
[EventDate "2022.07.08"]
[EventType "swiss"]
[EventRounds "7"]
[EventCountry "CAN"]

1. d4 d5 2. c4 c6 3. Nc3 Nf6 4. e3 Bf5 5. cxd5 cxd5 6. Qb3 Qd7 7. Nf3 Nc6 8.
Bb5 Qd8 9. Ba4 e6 10. Qxb7 Rc8 11. Ne5 Be7 12. Bxc6+ Kf8 13. Qxa7 Rc7 14. Qa4
g6 15. f3 g5 16. e4 Bg6 17. Bxg5 h6 18. Bxf6 Bxf6 19. Nxg6+ fxg6 20. exd5 e5
21. dxe5 Bxe5 22. O-O Rhh7 23. Rfe1 Rhe7 24. Qb4 Bd6 25. Qg4 Bc5+ 26. Kf1 Kg7
27. Ne4 h5 28. Qh4 Bb4 29. Qf6+ Kh6 30. Re2 Qc8 31. g3 Ba5 32. b4 Bb6 33. b5
Rf7 34. Qg5+ Kh7 35. d6 Rxc6 36. bxc6 Qxc6 37. Rc1 Qb7 38. Nf6+ Kg7 39. d7 Rxf6
40. Re7+ Rf7 41. Qe5+ Kg8 42. Rc8+ Kh7 43. Rxf7+ Kh6 44. Rh8# 1-0

[Event "CYCC U14 "]
[Site "Hamilton CAN"]
[Date "2022.07.11"]
[Round "7.24"]
[White "Hong, Zihan"]
[Black "Harihara, Vikrant"]
[Result "1-0"]
[WhiteElo "841"]
[BlackElo "1242"]
[PlyCount "67"]
[EventDate "2022.07.08"]
[EventType "swiss"]
[EventRounds "7"]
[EventCountry "CAN"]

1. d4 Nf6 2. Nf3 e6 3. Bg5 Be7 4. Nc3 d5 5. e3 b6 6. Bb5+ c6 7. Ba4 O-O 8. Ne2
Ne4 9. Bf4 c5 10. c3 Bb7 11. Bc2 Nf6 12. b3 Nc6 13. Ng5 h6 14. Nf3 Bd6 15. Be5
Nxe5 16. dxe5 Bxe5 17. Nxe5 d4 18. cxd4 Bxg2 19. Rg1 Be4 20. Rg3 Qc7 21. Rc1
Rac8 22. f4 Qb7 23. Nc4 Bxc2 24. Rxc2 Qh1+ 25. Ng1 cxd4 26. Qxd4 Nh5 27. Rgg2
b5 28. Qe4 bxc4 29. Rxg7+ Nxg7 30. Qxh1 cxb3 31. Rxc8 bxa2 32. Rxf8+ Kh7 33.
Rh8+ Kg6 34. Qg2+ 1-0

[Event "CYCC U14 "]
[Site "Hamilton CAN"]
[Date "2022.07.11"]
[Round "7.25"]
[White "Huang, Winston"]
[Black "Johnson, William"]
[Result "1-0"]
[WhiteElo "1131"]
[BlackElo "1082"]
[PlyCount "25"]
[EventDate "2022.07.08"]
[EventType "swiss"]
[EventRounds "7"]
[EventCountry "CAN"]

1. d4 d5 2. c4 Nc6 3. Nc3 Nf6 4. Nf3 Bg4 5. Qb3 Bxf3 6. exf3 dxc4 7. Bxc4 e6 8.
Be3 b6 9. Bb5 Qd7 10. Qa4 O-O-O 11. Bxc6 Qd6 12. Qa6+ Kb8 13. Qb7# 1-0

[Event "CYCC U14 w"]
[Site "Hamilton CAN"]
[Date "2022.07.08"]
[Round "1.63"]
[White "Yang, Lucy"]
[Black "Chen, Rachel Ruoxuan"]
[Result "0-1"]
[WhiteElo "1211"]
[BlackElo "1945"]
[PlyCount "98"]
[EventDate "2022.07.08"]
[EventType "swiss"]
[EventRounds "7"]
[EventCountry "CAN"]

1. e4 e5 2. Nf3 Nc6 3. Bb5 a6 4. Ba4 Nf6 5. d3 b5 6. Bb3 Bc5 7. O-O d6 8. h3
Na5 9. Nc3 h6 10. Ne2 O-O 11. c3 Nxb3 12. Qxb3 Re8 13. Ng3 d5 14. exd5 Nxd5 15.
Ne4 Bb6 16. c4 Nf6 17. cxb5 axb5 18. Nxf6+ Qxf6 19. Qxb5 Ba6 20. Qb3 e4 21. Nh2
h5 22. Be3 Bxd3 23. Rfe1 Bxe3 24. Rxe3 Rab8 25. Qc3 Rxb2 26. Qxf6 gxf6 27. Nf1
Kh7 28. Ng3 Kg6 29. Rc1 f5 30. Ree1 f4 31. Nf1 Rc8 32. Rc6+ f6 33. a4 e3 34. f3
Ra2 35. Nxe3 fxe3 36. Rxe3 Bf5 37. Re7 Rc2 38. Ra6 c5 39. Raa7 Rg8 40. Rac7 c4
41. a5 c3 42. g4 hxg4 43. fxg4 Rc1+ 44. Kf2 Bb1 45. h4 c2 46. a6 Rd1 47. h5+
Kh6 48. g5+ Kxh5 49. gxf6 c1=Q 0-1

[Event "CYCC U14 w"]
[Site "Hamilton CAN"]
[Date "2022.07.08"]
[Round "1.64"]
[White "Jiang, Hancy"]
[Black "Yang, Jing Yao"]
[Result "1-0"]
[WhiteElo "1855"]
[BlackElo "1181"]
[PlyCount "109"]
[EventDate "2022.07.08"]
[EventType "swiss"]
[EventRounds "7"]
[EventCountry "CAN"]

1. d4 Nf6 2. Bf4 d5 3. e3 c5 4. c3 Nc6 5. Nf3 Qb6 6. Qc2 cxd4 7. exd4 Bf5 8.
Qb3 Qxb3 9. axb3 e6 10. Bb5 Bxb1 11. Rxb1 a6 12. Ra1 Rc8 13. Bd3 Nh5 14. Be3
Bd6 15. g3 O-O 16. b4 f5 17. Bd2 e5 18. dxe5 Nxe5 19. Nxe5 Bxe5 20. Ra5 Rce8
21. O-O Rd8 22. Bg5 Rd7 23. Rxd5 Rxd5 24. Bc4 Nf6 25. Bxf6 Rxf6 26. Bxd5+ Kf8
27. Bxb7 Rd6 28. Re1 Bf6 29. Ra1 Rd2 30. Rb1 Rd6 31. Bc8 g6 32. Ra1 Rd2 33.
Rxa6 Be7 34. Ra2 Bf6 35. c4 Rxb2 36. Rxb2 Bxb2 37. c5 Ba3 38. c6 Bxb4 39. Bxf5
Bd6 40. Be4 Kg7 41. f4 h5 42. Kf2 h4 43. Kf3 hxg3 44. hxg3 Kf6 45. Kg4 Bc7 46.
Bd3 Bd6 47. Kf3 Bc7 48. g4 Bd6 49. g5+ Kf7 50. Bc4+ Ke7 51. Ke4 Bc7 52. f5
gxf5+ 53. Kxf5 Bb6 54. Bd3 Bd4 55. Kg6 1-0

[Event "CYCC U14 w"]
[Site "Hamilton CAN"]
[Date "2022.07.09"]
[Round "1.65"]
[White "Dahale, Siddhi"]
[Black "Mok, Gillian"]
[Result "0-1"]
[WhiteElo "1112"]
[BlackElo "1735"]
[PlyCount "60"]
[EventDate "2022.07.08"]
[EventType "swiss"]
[EventRounds "7"]
[EventCountry "CAN"]

1. c4 Nf6 2. Nc3 g6 3. Nf3 d6 4. g3 Bg7 5. Bg2 O-O 6. O-O e5 7. d3 Nc6 8. Bd2
h6 9. Qc1 Kh7 10. a3 Nh5 11. e4 f5 12. Kh1 f4 13. gxf4 Bg4 14. Ne1 Nxf4 15.
Bxf4 exf4 16. Bf3 Bh3 17. Bg2 Bxg2+ 18. Nxg2 Nd4 19. Qd1 f3 20. Ne3 Qh4 21. Rg1
Qxf2 22. Qe1 Qxe1 23. Rgxe1 Nb3 24. Rad1 Be5 25. Rf1 Nd4 26. Rf2 g5 27. Nc2 g4
28. Nxd4 Bxd4 29. Rff1 h5 30. Rb1 h4 0-1

[Event "CYCC U14 w"]
[Site "Hamilton CAN"]
[Date "2022.07.08"]
[Round "1.66"]
[White "Ruchinskaya, Valerie"]
[Black "Semianiuk, Catherine"]
[Result "1-0"]
[WhiteElo "1612"]
[BlackElo "842"]
[PlyCount "93"]
[EventDate "2022.07.08"]
[EventType "swiss"]
[EventRounds "7"]
[EventCountry "CAN"]

1. d4 e6 2. c4 d5 3. Nc3 Nf6 4. cxd5 exd5 5. Bg5 Bf5 6. Qb3 Nc6 7. e3 Rb8 8.
Bxf6 Qxf6 9. Nxd5 Qd8 10. Nc3 Bb4 11. d5 Bxc3+ 12. bxc3 Ne7 13. Rd1 O-O 14. Bd3
Bg4 15. Ne2 g6 16. h3 Bc8 17. c4 Re8 18. Nc3 Nf5 19. O-O Qg5 20. Ne4 Qh4 21.
Nd2 Qg5 22. Nf3 Qf6 23. e4 Nh4 24. Nxh4 Qxh4 25. Bc2 Rd8 26. f4 a6 27. Qe3 b5
28. c5 Re8 29. Qd4 Bxh3 30. Rd2 Bg4 31. e5 Rbd8 32. d6 Be6 33. Bb3 Bc8 34. Qd5
Be6 35. Qc6 cxd6 36. cxd6 Bd7 37. Qxa6 Qg3 38. Qb6 h5 39. Qf2 Qg4 40. Rd4 Qf5
41. Qh4 Qg4 42. Qf6 Rf8 43. Bxf7+ Kh7 44. Qe7 Bc6 45. Be6+ Rf7 46. Qxf7+ Kh6
47. Bxg4 1-0

[Event "CYCC U14 w"]
[Site "Hamilton CAN"]
[Date "2022.07.08"]
[Round "1.67"]
[White "Wang, Crystal"]
[Black "Zhong, April Yunwei"]
[Result "0-1"]
[WhiteElo "834"]
[BlackElo "1452"]
[PlyCount "44"]
[EventDate "2022.07.08"]
[EventType "swiss"]
[EventRounds "7"]
[EventCountry "CAN"]

1. d4 d5 2. Nf3 Nf6 3. Bf4 c5 4. e3 Nc6 5. c4 e6 6. Bd3 Qb6 7. Qb3 Na5 8. Qxb6
axb6 9. cxd5 Nxd5 10. Bg3 Nb3 11. Nbd2 Nxa1 12. a3 Bd7 13. O-O b5 14. Rxa1 c4
15. Be4 c3 16. bxc3 Nxc3 17. Bxb7 Ra7 18. Ne4 Ne2+ 19. Kf1 Nxg3+ 20. Nxg3 Rxb7
21. Ne4 Be7 22. Ne5 f6 0-1

[Event "CYCC U14 w"]
[Site "Hamilton CAN"]
[Date "2022.07.08"]
[Round "1.68"]
[White "Sreekumar, Gauri"]
[Black "Siahou, Audrey"]
[Result "1-0"]
[WhiteElo "1334"]
[BlackElo "794"]
[PlyCount "97"]
[EventDate "2022.07.08"]
[EventType "swiss"]
[EventRounds "7"]
[EventCountry "CAN"]

1. d4 Nf6 2. c4 d6 3. Nc3 Nbd7 4. Nf3 g6 5. e4 e5 6. Bg5 Bg7 7. dxe5 dxe5 8.
Nd5 O-O 9. Nxf6+ Bxf6 10. Bh6 Bg7 11. Qd2 Nc5 12. Qxd8 Rxd8 13. Bxg7 Kxg7 14.
Nxe5 Nxe4 15. Be2 f6 16. Ng4 Bxg4 17. Bxg4 f5 18. Be2 Rd4 19. f3 Nd2 20. Rd1
Rad8 21. Kf2 R8d6 22. b3 f4 23. g3 g5 24. Rhg1 g4 25. gxf4 Rxf4 26. Ke3 Rdd4
27. Rxd2 Rxd2 28. Kxd2 h5 29. fxg4 hxg4 30. Rxg4+ Rxg4 31. Bxg4 Kg6 32. h4 b6
33. Ke3 a5 34. a4 Kh6 35. Ke4 c6 36. Ke5 Kg6 37. Kd6 c5 38. Kc6 b5 39. cxb5 c4
40. bxc4 Kh6 41. b6 Kg6 42. b7 Kf6 43. b8=Q Kg6 44. Qf4 Kg7 45. Kd7 Kh7 46. Ke7
Kg7 47. Qg5+ Kh7 48. Kf7 Kh8 49. Qg7# 1-0

[Event "CYCC U14 w"]
[Site "Hamilton CAN"]
[Date "2022.07.08"]
[Round "1.69"]
[White "Li, Ruby"]
[Black "Xu, Hannah"]
[Result "0-1"]
[WhiteElo "640"]
[BlackElo "1295"]
[PlyCount "142"]
[EventDate "2022.07.08"]
[EventType "swiss"]
[EventRounds "7"]
[EventCountry "CAN"]

1. e4 e6 2. Nf3 d5 3. Nc3 Nf6 4. exd5 Nxd5 5. Bc4 Nxc3 6. bxc3 Be7 7. d4 Bf6 8.
O-O O-O 9. Bb2 Nd7 10. d5 exd5 11. Bxd5 c6 12. Bb3 Nc5 13. Ba3 Nxb3 14. cxb3
Qxd1 15. Raxd1 Re8 16. Rfe1 Bg4 17. Rd3 Bxf3 18. Rxe8+ Rxe8 19. gxf3 h6 20. c4
Re2 21. Bc5 Rxa2 22. Rd7 b6 23. Be3 Ra3 24. c5 Rxb3 25. cxb6 axb6 26. Rd6 c5
27. Rc6 Bd4 28. Bxd4 cxd4 29. Rd6 Rxf3 30. Rxd4 Rb3 31. Kf1 Kf8 32. Ke2 Ke7 33.
Kd2 Ke6 34. Kc2 Rb5 35. Kc3 Rc5+ 36. Kb4 Rh5 37. Rd2 Rxh2 38. Kb5 Rh5+ 39. Kxb6
Rd5 40. Rc2 h5 41. f3 Kf5 42. Rg2 g6 43. Kc6 Rd3 44. Kc5 Rxf3 45. Kd4 g5 46.
Kd5 h4 47. Kd6 h3 48. Rh2 Kg4 49. Rh1 Kg3 50. Rg1+ Kf2 51. Rxg5 h2 52. Rh5 Kg2
53. Rg5+ Rg3 54. Rf5 h1=Q 55. Rxf7 Qh6+ 56. Ke7 Rg7 57. Rxg7+ Qxg7+ 58. Kd6 Qf7
59. Kc5 Kg3 60. Kd4 Qf3 61. Ke5 Qf4+ 62. Kd5 Kf3 63. Kc6 Qg5 64. Kd6 Qf5 65.
Kc6 Qe5 66. Kb7 Qd6 67. Ka8 Qd7 68. Kb8 Ke4 69. Ka8 Kd5 70. Kb8 Kc6 71. Ka8
Qb7# 0-1

[Event "CYCC U14 w"]
[Site "Hamilton CAN"]
[Date "2022.07.08"]
[Round "2.5"]
[White "Chen, Rachel Ruoxuan"]
[Black "Ruchinskaya, Valerie"]
[Result "1-0"]
[WhiteElo "1945"]
[BlackElo "1612"]
[PlyCount "73"]
[EventDate "2022.07.08"]
[EventType "swiss"]
[EventRounds "7"]
[EventCountry "CAN"]

1. e4 c5 2. Nf3 Nc6 3. d4 cxd4 4. Nxd4 g6 5. c4 Bg7 6. Be3 Nf6 7. Nc3 O-O 8.
Be2 d6 9. O-O Bd7 10. Qd2 Nxd4 11. Bxd4 Bc6 12. f3 a5 13. b3 Nd7 14. Be3 Nc5
15. Rab1 Qb6 16. Rfc1 Rfc8 17. Rc2 Qc7 18. Bf1 Rf8 19. a3 f5 20. exf5 Rxf5 21.
b4 axb4 22. axb4 Na4 23. Nd5 Bxd5 24. cxd5 Qd7 25. Rbc1 Bb2 26. Rxb2 Nxb2 27.
Qxb2 Rc8 28. Rc3 Rxc3 29. Qxc3 Rf8 30. Bh6 Rf7 31. b5 Qd8 32. Kh1 e5 33. dxe6
Rc7 34. Bc4 d5 35. Qd4 Qe7 36. Bxd5 Rc2 37. Qg7+ 1-0

[Event "CYCC U14 w"]
[Site "Hamilton CAN"]
[Date "2022.07.08"]
[Round "2.63"]
[White "Zhong, April Yunwei"]
[Black "Jiang, Hancy"]
[Result "0-1"]
[WhiteElo "1452"]
[BlackElo "1855"]
[PlyCount "76"]
[EventDate "2022.07.08"]
[EventType "swiss"]
[EventRounds "7"]
[EventCountry "CAN"]

1. d4 Nf6 2. c4 g6 3. Nc3 Bg7 4. e4 d6 5. Nf3 O-O 6. Be2 Nbd7 7. O-O e5 8. Be3
Re8 9. d5 Re7 10. b4 Ne8 11. Nd2 f5 12. f3 Bf8 13. c5 f4 14. Bf2 g5 15. Nb3 h5
16. Na5 Rg7 17. c6 bxc6 18. Nxc6 Qf6 19. Nxa7 Rxa7 20. Bxa7 Nb6 21. a4 g4 22.
Qd3 g3 23. h3 Qh4 24. Rfd1 Bxh3 25. Kf1 Bxg2+ 26. Ke1 Qg5 27. Bf1 Bxf1 28. Qxf1
g2 29. Qg1 Qg3+ 30. Ke2 h4 31. Qf2 h3 32. Qxg3 fxg3 33. Rg1 Nf6 34. Bxb6 cxb6
35. Ke3 Nh5 36. Ne2 Ra7 37. f4 exf4+ 38. Nxf4 Bh6 0-1

[Event "CYCC U14 w"]
[Site "Hamilton CAN"]
[Date "2022.07.08"]
[Round "2.64"]
[White "Mok, Gillian"]
[Black "Sreekumar, Gauri"]
[Result "0-1"]
[WhiteElo "1735"]
[BlackElo "1334"]
[PlyCount "60"]
[EventDate "2022.07.08"]
[EventType "swiss"]
[EventRounds "7"]
[EventCountry "CAN"]

1. e4 c5 2. Nf3 d6 3. d4 cxd4 4. Nxd4 Nf6 5. Nc3 g6 6. Be3 Bg7 7. Be2 O-O 8.
O-O Nc6 9. Kh1 Bd7 10. f4 h5 11. Qe1 Nxe4 12. Nxe4 Nxd4 13. Bxd4 Bxd4 14. c3
Bg7 15. Ng5 e5 16. Bc4 exf4 17. Nxf7 Rxf7 18. Bxf7+ Kxf7 19. Rxf4+ Bf5 20. Qe4
Be5 21. Qxb7+ Kg8 22. Qd5+ Kg7 23. Rc4 Rc8 24. Rb4 Rc5 25. Rb7+ Bd7 26. Qb3 Kh6
27. c4 Qh4 28. Qe3+ Bf4 29. g3 Bxe3 30. gxh4 Bc6# 0-1

[Event "CYCC U14 w"]
[Site "Hamilton CAN"]
[Date "2022.07.08"]
[Round "2.65"]
[White "Xu, Hannah"]
[Black "Yang, Lucy"]
[Result "1-0"]
[WhiteElo "1295"]
[BlackElo "1211"]
[PlyCount "119"]
[EventDate "2022.07.08"]
[EventType "swiss"]
[EventRounds "7"]
[EventCountry "CAN"]

1. d4 d5 2. Bf4 Nf6 3. e3 e6 4. Nf3 c5 5. c3 Nc6 6. Bd3 c4 7. Bc2 Bd6 8. Bg3 h6
9. Nbd2 Bxg3 10. hxg3 Qc7 11. e4 Qe7 12. Qe2 b5 13. Rb1 b4 14. Ba4 Bd7 15. exd5
exd5 16. Qxe7+ Kxe7 17. Bxc6 Bxc6 18. cxb4 a5 19. bxa5 Rxa5 20. a3 Rb8 21. O-O
Rab5 22. Ne5 Be8 23. Rfe1 Kf8 24. b4 cxb3 25. Re3 b2 26. Nd3 Bd7 27. Nb4 Rc8
28. Rxb2 Rc1+ 29. Nf1 Rb6 30. Nd3 Rxb2 31. Nxc1 Ng4 32. Re2 Rb1 33. Rc2 Ra1 34.
Rc3 Rb1 35. f3 Nf6 36. Nd2 Rb8 37. Nd3 Ra8 38. Ne5 Ra4 39. Nxd7+ Nxd7 40. Rd3
g5 41. Kf2 Nb8 42. Ke3 f5 43. Rc3 Ke8 44. Rc8+ Kd7 45. Rxb8 Rxa3+ 46. Rb3 Ra6
47. Rb5 Kc6 48. Rc5+ Kd6 49. Nb3 Ra3 50. Rc3 Ra2 51. Nd2 Ra8 52. Rc1 Ra3+ 53.
Kf2 Rd3 54. Ke2 Rxd4 55. Rh1 Rb4 56. Rxh6+ Ke5 57. f4+ gxf4 58. gxf4+ Rxf4 59.
Nf3+ Ke4 60. Re6# 1-0

[Event "CYCC U14 w"]
[Site "Hamilton CAN"]
[Date "2022.07.08"]
[Round "2.66"]
[White "Yang, Jing Yao"]
[Black "Wang, Crystal"]
[Result "1-0"]
[WhiteElo "1181"]
[BlackElo "834"]
[PlyCount "129"]
[EventDate "2022.07.08"]
[EventType "swiss"]
[EventRounds "7"]
[EventCountry "CAN"]

1. d4 d5 2. Bf4 Nf6 3. Nf3 e6 4. e3 c5 5. c3 Nc6 6. Nbd2 c4 7. Qc2 Bd6 8. Bg3
b5 9. a3 Nh5 10. Be2 Nxg3 11. hxg3 h6 12. e4 dxe4 13. Nxe4 a5 14. a4 Ba6 15.
axb5 Bxb5 16. Nfd2 f5 17. Nxd6+ Qxd6 18. Nxc4 Qc7 19. Nd6+ Qxd6 20. Bxb5 Qd5
21. Bxc6+ Qxc6 22. Qa4 Qxa4 23. Rxa4 O-O 24. Kd2 Rfd8 25. Re1 Kf7 26. Re5 Rab8
27. Kc2 Rd5 28. Rxd5 exd5 29. Rxa5 Re8 30. Kd2 Ke6 31. Ra6+ Ke7 32. Ra7+ Kf6
33. Rd7 Rb8 34. b4 Ra8 35. Rxd5 Ra2+ 36. Ke3 Ra3 37. Rc5 Ke6 38. Kd3 Ra8 39. b5
Rb8 40. Kc4 Kd6 41. Rxf5 Rc8+ 42. Rc5 Rb8 43. Rc6+ Kd7 44. Kc5 Rb7 45. b6 Kd8
46. Rc7 Rxc7+ 47. bxc7+ Kxc7 48. d5 Kd7 49. d6 Kd8 50. Kc6 Kc8 51. d7+ Kd8 52.
c4 g5 53. g4 h5 54. gxh5 g4 55. g3 Ke7 56. Kc7 Kf6 57. d8=Q+ Kf5 58. h6 Kg6 59.
Qh8 Kg5 60. h7 Kh5 61. Qe5+ Kg6 62. h8=Q Kf7 63. Qhf6+ Kg8 64. Qeg5+ Kh7 65.
Qfh6# 1-0

[Event "CYCC U14 w"]
[Site "Hamilton CAN"]
[Date "2022.07.08"]
[Round "2.67"]
[White "Siahou, Audrey"]
[Black "Dahale, Siddhi"]
[Result "0-1"]
[WhiteElo "794"]
[BlackElo "1112"]
[PlyCount "108"]
[EventDate "2022.07.08"]
[EventType "swiss"]
[EventRounds "7"]
[EventCountry "CAN"]

1. Nf3 Nc6 2. g3 Nf6 3. Bg2 e5 4. d3 h6 5. Nbd2 Bc5 6. O-O O-O 7. e4 d6 8. h3
Be6 9. b3 Qd7 10. Bb2 Bxh3 11. Bxh3 Qxh3 12. c3 Nh7 13. d4 exd4 14. Nxd4 Nxd4
15. cxd4 Bb6 16. Qf3 Ng5 17. Qg2 Qxg2+ 18. Kxg2 Rfe8 19. Rfe1 Ba5 20. Rad1 Bxd2
21. Rxd2 Nxe4 22. Rde2 Nf6 23. d5 Rxe2 24. Rxe2 Nxd5 25. Re4 f5 26. Re2 Kf7 27.
Rd2 Nf6 28. Rc2 c5 29. a3 b5 30. b4 c4 31. Bxf6 Kxf6 32. Kf1 Re8 33. Re2 Rxe2
34. Kxe2 Ke5 35. f3 Kd4 36. Kd2 c3+ 37. Kc2 Kc4 38. g4 fxg4 39. fxg4 d5 40. Kb1
Kb3 41. Kc1 c2 42. Kd2 Kb2 43. a4 c1=Q+ 44. Kd3 Qc4+ 45. Ke3 Kc2 46. axb5 Qe4+
47. Kf2 Kd2 48. Kg3 g5 49. b6 axb6 50. b5 Qf4+ 51. Kh3 Ke2 52. Kg2 Qxg4+ 53.
Kh2 Kf2 54. Kh1 Qh3# 0-1

[Event "CYCC U14 w"]
[Site "Hamilton CAN"]
[Date "2022.07.08"]
[Round "2.68"]
[White "Semianiuk, Catherine"]
[Black "Li, Ruby"]
[Result "1-0"]
[WhiteElo "842"]
[BlackElo "640"]
[PlyCount "65"]
[EventDate "2022.07.08"]
[EventType "swiss"]
[EventRounds "7"]
[EventCountry "CAN"]

1. e4 e5 2. Nf3 Nc6 3. Bc4 Bc5 4. c3 Nf6 5. d4 exd4 6. cxd4 Bb6 7. d5 Ne7 8. e5
Ng4 9. O-O d6 10. e6 fxe6 11. dxe6 d5 12. Bd3 Qd6 13. g3 Bxe6 14. Bg5 O-O-O 15.
h3 Nf6 16. Bf4 Qd7 17. Ng5 h6 18. Nxe6 Qxe6 19. Re1 Qf7 20. a4 Nh5 21. Qd2 Nc6
22. a5 Bc5 23. a6 Bb4 24. axb7+ Kxb7 25. Nc3 d4 26. Be4 dxc3 27. Bxc6+ Kxc6 28.
Qc2 Nxf4 29. Qe4+ Nd5 30. Qc4+ Kd6 31. Ra6+ Kd7 32. Qg4+ Qf5 33. Qxf5# 1-0

[Event "CYCC U14 w"]
[Site "Hamilton CAN"]
[Date "2022.07.09"]
[Round "3.61"]
[White "Sreekumar, Gauri"]
[Black "Chen, Rachel Ruoxuan"]
[Result "0-1"]
[WhiteElo "1334"]
[BlackElo "1945"]
[PlyCount "64"]
[EventDate "2022.07.08"]
[EventType "swiss"]
[EventRounds "7"]
[EventCountry "CAN"]

1. d4 Nf6 2. c4 e6 3. Nf3 d5 4. g3 Bb4+ 5. Bd2 Be7 6. Nc3 O-O 7. Bg2 c6 8. b3
b6 9. O-O Nbd7 10. Rc1 Ba6 11. cxd5 cxd5 12. a3 Bb7 13. b4 Ne4 14. Nxe4 dxe4
15. Ne5 Nf6 16. Bc3 Rc8 17. Bb2 a5 18. bxa5 bxa5 19. Qb3 Bd5 20. Rxc8 Qxc8 21.
Qb5 Qb8 22. Qxb8 Rxb8 23. Bc3 a4 24. Bb4 Bxb4 25. axb4 Rxb4 26. Rc1 Rb8 27. Rc7
a3 28. Nc6 Bxc6 29. Rxc6 a2 30. Ra6 Rb1+ 31. Bf1 a1=Q 32. Rxa1 Rxa1 0-1

[Event "CYCC U14 w"]
[Site "Hamilton CAN"]
[Date "2022.07.09"]
[Round "3.62"]
[White "Jiang, Hancy"]
[Black "Xu, Hannah"]
[Result "1-0"]
[WhiteElo "1855"]
[BlackElo "1295"]
[PlyCount "59"]
[EventDate "2022.07.08"]
[EventType "swiss"]
[EventRounds "7"]
[EventCountry "CAN"]

1. d4 Nf6 2. Bf4 g6 3. Nc3 Bg7 4. e4 d6 5. Qd2 Nbd7 6. O-O-O O-O 7. Bh6 c5 8.
Bxg7 Kxg7 9. dxc5 Nxc5 10. e5 Nfe4 11. Nxe4 Nxe4 12. Qd4 d5 13. f3 Ng5 14. Qxd5
Qxd5 15. Rxd5 Be6 16. Rd2 Rac8 17. h4 Nxf3 18. Nxf3 Bxa2 19. Be2 Rc7 20. Nd4
Bc4 21. Bxc4 Rxc4 22. Rhd1 Rfc8 23. b3 Rb4 24. Kb2 Rb6 25. c3 a5 26. Ra1 Rc5
27. Re2 f6 28. exf6+ Kxf6 29. Rf1+ Kg7 30. Ne6+ 1-0

[Event "CYCC U14 w"]
[Site "Hamilton CAN"]
[Date "2022.07.09"]
[Round "3.63"]
[White "Semianiuk, Catherine"]
[Black "Mok, Gillian"]
[Result "0-1"]
[WhiteElo "842"]
[BlackElo "1735"]
[PlyCount "56"]
[EventDate "2022.07.08"]
[EventType "swiss"]
[EventRounds "7"]
[EventCountry "CAN"]

1. e4 e5 2. Nf3 Nc6 3. Bc4 Bc5 4. c3 Nf6 5. d4 exd4 6. cxd4 Bb4+ 7. Nc3 Nxe4 8.
O-O Bxc3 9. bxc3 d5 10. Bd3 O-O 11. Qc2 Re8 12. Re1 Bf5 13. Nd2 Qh4 14. Bxe4
dxe4 15. Nc4 e3 16. g3 Qf6 17. Qe2 Bd3 18. Qb2 exf2+ 19. Qxf2 Rxe1+ 20. Qxe1
Bxc4 21. Bf4 Bd5 22. Qe3 h6 23. h4 Qf5 24. Kh2 Qc2+ 25. Kh3 Qg2+ 26. Kg4 Bf3+
27. Kf5 Qh3+ 28. g4 Qxg4# 0-1

[Event "CYCC U14 w"]
[Site "Hamilton CAN"]
[Date "2022.07.09"]
[Round "3.64"]
[White "Ruchinskaya, Valerie"]
[Black "Yang, Jing Yao"]
[Result "1/2-1/2"]
[WhiteElo "1612"]
[BlackElo "1181"]
[PlyCount "117"]
[EventDate "2022.07.08"]
[EventType "swiss"]
[EventRounds "7"]
[EventCountry "CAN"]

1. d4 Nf6 2. c4 g6 3. Nc3 d5 4. Bf4 Bg7 5. e3 O-O 6. Rc1 c6 7. h3 Qa5 8. Qd2
Nbd7 9. Nf3 dxc4 10. Bxc4 Rd8 11. Ne4 Qxd2+ 12. Nexd2 b5 13. Bc7 Re8 14. Be2
Bb7 15. Nb3 Rac8 16. Bh2 a6 17. O-O c5 18. Nxc5 Nxc5 19. dxc5 Ne4 20. b4 Nc3
21. Rc2 Be4 22. Rd2 Nxe2+ 23. Rxe2 Bd3 24. Ree1 Bxf1 25. Kxf1 Bc3 26. Rb1 a5
27. a3 Ra8 28. Be5 axb4 29. axb4 Bxe5 30. Nxe5 Ra2 31. Nc6 Kf8 32. Nd4 Rb8 33.
c6 Ra7 34. Rc1 Rc7 35. Rc5 Rb6 36. Ke2 Ke8 37. f4 e6 38. g4 h6 39. Kf3 Ke7 40.
Ke4 Kf6 41. g5+ hxg5 42. fxg5+ Ke7 43. Ke5 Rc8 44. c7 Rd6 45. Nxb5 Rd5+ 46.
Rxd5 exd5 47. Kxd5 Kd7 48. Kc5 Re8 49. Nc3 Kxc7 50. Nd5+ Kb7 51. b5 Re5 52. h4
Re4 53. Kd6 Rxh4 54. Ke7 Rg4 55. Kf6 Rg3 56. e4 Rf3+ 57. Ke7 Rf1 58. Nf6 Rg1
59. Nh7 1/2-1/2